| 000 | 00802namaa22002171 4500 | ||
|---|---|---|---|
| 001 | 177189 | ||
| 003 | ES-MaACL | ||
| 005 | 20230906220256.0 | ||
| 008 | 110308s1950 sp |||| | spa d | ||
| 080 | _a014.3:07(464.1 M.)Cínife | ||
| 100 | 1 |
_aSampelayo, Juan H. _9102190 |
|
| 245 | 1 | 3 |
_aEl Cínife (Madrid, 1845) / _cpor Juan H. Sampelayo. |
| 260 |
_aMadrid : _bInstituto "Miguel de Cervantes", _c1950 ( _f[Gráf. "Menor"]) |
||
| 300 |
_aXVI, 142 p., 1 h. ; _c24 cm. |
||
| 490 | 1 |
_aColección de Indices de Publicaciones Periódicas ; _v11 |
|
| 630 | 0 | 4 |
_aEl Cínife (Madrid, 1845)- _vIndices. _9145480 |
| 710 | 2 |
_aInstituto "Miguel de Cervantes" _95133 |
|
| 830 | 0 |
_aColección de Indices de Publicaciones Periódicas ; _v11 _9184798 |
|
| 852 |
_aES-MaACL _jL-13868 |
||
| 999 |
_c177189 _d177189 |
||